[Event "Markham op U2200"]
[Site "Markham CAN"]
[Date "2018.10.06"]
[Round "2"]
[White "Khachaturov, Vadim"]
[Black "Huang, Youhe"]
[Result "1-0"]
[WhiteElo "1961"]
[BlackElo "1872"]
[PlyCount "111"]
[EventDate "2018.10.05"]
[EventType "swiss"]
[EventRounds "5"]
[EventCountry "CAN"]

1. e4 e6 2. d4 d5 3. Nd2 dxe4 4. Nxe4 Nd7 5. Nf3 Ngf6 6. Nxf6+ Nxf6 7. Bd3 Bd6
8. O-O b6 9. Re1 O-O 10. Bg5 Bb7 11. c3 c5 12. Qe2 a6 13. Rad1 cxd4 14. Nxd4
Qe7 15. Nf5 exf5 16. Qxe7 Bxe7 17. Rxe7 Ne4 18. Rxb7 Nxg5 19. Rxb6 Rfd8 20. h4
Ne6 21. Bc2 g6 22. Rxd8+ Rxd8 23. Bb3 Nc5 24. Bc4 Rd1+ 25. Kh2 Ne4 26. f3 Nf2
27. Kg3 Nh1+ 28. Kf4 Rg1 29. g4 fxg4 30. fxg4 Nf2 31. Bxa6 Nxg4 32. c4 Kg7 33.
c5 Nf6 34. Ke5 Nd7+ 35. Kd6 Rd1+ 36. Kc6 h6 37. Rb7 Ne5+ 38. Kc7 g5 39. hxg5
hxg5 40. a4 g4 41. Rb3 f5 42. Bc8 f4 43. a5 g3 44. Bh3 f3 45. a6 g2 46. Bxg2
fxg2 47. Rg3+ Kf6 48. Rxg2 Rd7+ 49. Kb6 Nc4+ 50. Kb5 Ne5 51. b4 Ke6 52. Ra2 Rd8
53. a7 Ra8 54. Kb6 Kd7 55. Kb7 Nd3 56. Rd2 1-0

[Event "Markham op U2200"]
[Site "Markham CAN"]
[Date "2018.10.06"]
[Round "2"]
[White "Lin, Benjamin"]
[Black "Ajith, Aayush"]
[Result "1-0"]
[WhiteElo "2035"]
[BlackElo "1922"]
[PlyCount "43"]
[EventDate "2018.10.05"]
[EventType "swiss"]
[EventRounds "5"]
[EventCountry "CAN"]

1. d4 Nf6 2. c4 g6 3. f3 d5 4. cxd5 Nxd5 5. e4 Nb6 6. Be3 Bg7 7. Nc3 O-O 8. Qd2
Nc6 9. Rd1 f5 10. e5 e6 11. h4 Ne7 12. Nh3 Nbd5 13. Bg5 Qe8 14. Bc4 Qc6 15.
Bxd5 Nxd5 16. Nf4 Nxf4 17. Qxf4 Re8 18. h5 b6 19. hxg6 hxg6 20. Bh6 Qd7 21. Qg5
Qe7 22. Qxg6 1-0

[Event "Markham op U2200"]
[Site "Markham CAN"]
[Date "2018.10.06"]
[Round "2"]
[White "Ning, Eric"]
[Black "Zhao, Jeffrey Renfei"]
[Result "0-1"]
[WhiteElo "1933"]
[BlackElo "2043"]
[PlyCount "90"]
[EventDate "2018.10.05"]
[EventType "swiss"]
[EventRounds "5"]
[EventCountry "CAN"]

1. d4 d5 2. c4 e6 3. cxd5 exd5 4. Nc3 c6 5. Nf3 Nf6 6. Bg5 Be7 7. e3 Nbd7 8.
Bd3 h6 9. Bh4 Nh5 10. Bxe7 Qxe7 11. Qe2 O-O 12. g4 Nhf6 13. Nh4 Nb6 14. Bf5 Ne4
15. Bxc8 Nxc3 16. bxc3 Raxc8 17. Nf5 Qf6 18. h4 c5 19. Kf1 Nc4 20. Kg2 Nd6 21.
Ng3 cxd4 22. cxd4 Rfe8 23. g5 Qg6 24. Qf3 Rc2 25. Rae1 hxg5 26. Qxd5 Qf6 27.
Re2 Rxe2 28. Nxe2 Ne4 29. f3 g4 30. Nf4 Nc3 31. Qd7 Rxe3 32. Qxg4 Nb5 33. d5
Ra3 34. Re1 Rxa2+ 35. Kh3 Nd6 36. Rd1 b5 37. Nd3 Ra4 38. f4 Rd4 39. Qh5 b4 40.
Qe5 Qf5+ 41. Kh2 Qxe5 42. fxe5 Nc4 43. Rc1 b3 44. d6 Rxd3 45. Rxc4 a5 0-1

[Event "Markham op U2200"]
[Site "Markham CAN"]
[Date "2018.10.06"]
[Round "2"]
[White "Rusonik, Max"]
[Black "Liu, Henry"]
[Result "1-0"]
[WhiteElo "2041"]
[BlackElo "1829"]
[PlyCount "45"]
[EventDate "2018.10.05"]
[EventType "swiss"]
[EventRounds "5"]
[EventCountry "CAN"]

1. e4 e6 2. d4 d5 3. Nc3 Nf6 4. Bg5 dxe4 5. Nxe4 Be7 6. Bxf6 Bxf6 7. Nf3 O-O 8.
Qd2 b6 9. O-O-O a5 10. h4 Nc6 11. c3 Be7 12. Bd3 Ba6 13. Bc2 b5 14. Neg5 h6 15.
Qd3 Bxg5+ 16. hxg5 f5 17. gxh6 gxh6 18. Rxh6 Rf6 19. Rdh1 Rxh6 20. Rxh6 Qe7 21.
Qe3 Re8 22. Rg6+ Kh8 23. Ng5 1-0

[Event "Markham op U2200"]
[Site "Markham CAN"]
[Date "2018.10.06"]
[Round "2"]
[White "Xie, Austin"]
[Black "Li, Eric M"]
[Result "0-1"]
[WhiteElo "1703"]
[BlackElo "2000"]
[PlyCount "66"]
[EventDate "2018.10.05"]
[EventType "swiss"]
[EventRounds "5"]
[EventCountry "CAN"]

1. e4 c5 2. Nc3 Nc6 3. f4 e6 4. Nf3 a6 5. e5 d5 6. exd6 Bxd6 7. d4 Qc7 8. g3
Nf6 9. Be3 cxd4 10. Nxd4 Bb4 11. Bg2 Bxc3+ 12. bxc3 Na5 13. Qd3 O-O 14. O-O Nc4
15. Bc1 Rd8 16. Qe2 Nd5 17. Bxd5 Rxd5 18. f5 e5 19. Nb3 f6 20. Be3 Bd7 21. g4
Bb5 22. Rfd1 Nb2 23. Qf3 Rxd1+ 24. Rxd1 Nxd1 25. Qxd1 Rd8 26. Qe1 Rd5 27. h4
Qc4 28. Qg3 Rd1+ 29. Kh2 Qe2+ 30. Qf2 Qxg4 31. Qg3 Rh1+ 32. Kg2 Bc6+ 33. Kf2
Qxf5+ 0-1

[Event "Markham op U2200"]
[Site "Markham CAN"]
[Date "2018.10.06"]
[Round "2"]
[White "Zeromskis, Egidijus"]
[Black "Zhao, Jeffrey R"]
[Result "1-0"]
[WhiteElo "2153"]
[BlackElo "1906"]
[PlyCount "83"]
[EventDate "2018.10.05"]
[EventType "swiss"]
[EventRounds "5"]
[EventCountry "CAN"]

1. e4 c5 2. Ne2 a6 3. g3 b5 4. Bg2 Bb7 5. O-O e6 6. d4 cxd4 7. Nxd4 Qc7 8. Be3
Nf6 9. Nd2 h5 10. h3 Bc5 11. c3 d5 12. e5 Ne4 13. Nxe4 dxe4 14. Bf4 Be7 15. h4
Nd7 16. Qe2 Nc5 17. b4 Na4 18. Rac1 Rd8 19. Qe3 Qc4 20. Rfd1 O-O 21. Rc2 Rd7
22. Bf1 Qc7 23. c4 Bxb4 24. cxb5 Nc3 25. Rdc1 Qb6 26. Nc6 Qxe3 27. Bxe3 Nd5 28.
Nxb4 Nxb4 29. Rc7 Rfd8 30. Bg5 Rxc7 31. Rxc7 Rb8 32. bxa6 Nxa6 33. Rxb7 Rxb7
34. Bxa6 Rb2 35. Bc4 Kh7 36. a4 Rc2 37. Bb5 Kg6 38. Be3 Kf5 39. a5 Kxe5 40. a6
Ra2 41. a7 Kd6 42. Be8 1-0

[Event "Markham op U2200"]
[Site "Markham CAN"]
[Date "2018.10.06"]
[Round "2"]
[White "Zhao, Harry"]
[Black "Joseph Benher, Savio"]
[Result "1-0"]
[WhiteElo "2196"]
[BlackElo "1735"]
[PlyCount "51"]
[EventDate "2018.10.05"]
[EventType "swiss"]
[EventRounds "5"]
[EventCountry "CAN"]

1. d4 Nf6 2. Nf3 e6 3. Nbd2 d5 4. e3 Be7 5. Bd3 O-O 6. b3 b6 7. Bb2 Bb7 8. O-O
Nbd7 9. Ne5 Ne4 10. f3 Nxd2 11. Qxd2 Nxe5 12. dxe5 f6 13. Qf2 fxe5 14. Qg3 Qd7
15. Bxe5 Bf6 16. f4 Bxe5 17. fxe5 Qe7 18. Qh3 h6 19. Qg4 Rxf1+ 20. Rxf1 Rf8 21.
Rf4 Rxf4 22. exf4 Bc8 23. Qh5 Qb4 24. Qe8+ Qf8 25. Bh7+ Kxh7 26. Qxf8 1-0

[Event "Markham op U2200"]
[Site "Markham CAN"]
[Date "2018.10.06"]
[Round "3"]
[White "Hack, Justin"]
[Black "Huang, Youhe"]
[Result "1-0"]
[WhiteElo "1834"]
[BlackElo "1872"]
[PlyCount "89"]
[EventDate "2018.10.05"]
[EventType "swiss"]
[EventRounds "5"]
[EventCountry "CAN"]

1. d4 Nf6 2. c4 g6 3. Nc3 Bg7 4. e4 d6 5. Nf3 O-O 6. Be2 e5 7. d5 a5 8. Bg5 Na6
9. O-O h6 10. Bh4 Qe8 11. Ne1 Nd7 12. Nd3 Ndc5 13. Nxc5 Nxc5 14. Qc2 f5 15.
exf5 Bxf5 16. Qd2 g5 17. Bg3 Qg6 18. f3 Rae8 19. Rad1 b6 20. Bf2 Nd7 21. g4 e4
22. gxf5 Qxf5 23. fxe4 Qh3 24. Qe3 Qxe3 25. Bxe3 Bxc3 26. bxc3 Rxe4 27. Rxf8+
Kxf8 28. Kf2 Rh4 29. Kg3 Nf6 30. Rd4 Re4 31. Rxe4 Nxe4+ 32. Kg4 Nxc3 33. Bd3
Nxa2 34. Bd2 Kg7 35. Bb1 Nb4 36. Bxb4 axb4 37. Kf5 Kf7 38. Bc2 Kg7 39. Kg4 Kf6
40. Kh5 g4 41. Kxh6 Ke5 42. Kg5 Kd4 43. Kxg4 Kxc4 44. h4 Kd4 45. Kf4 1-0

[Event "Markham op U2200"]
[Site "Markham CAN"]
[Date "2018.10.06"]
[Round "3"]
[White "Joseph Benher, Savio"]
[Black "Khachaturov, Vadim"]
[Result "0-1"]
[WhiteElo "1735"]
[BlackElo "1961"]
[PlyCount "56"]
[EventDate "2018.10.05"]
[EventType "swiss"]
[EventRounds "5"]
[EventCountry "CAN"]

1. e4 c5 2. Nf3 d6 3. d4 cxd4 4. Qxd4 Nc6 5. Bb5 Bd7 6. Bxc6 Bxc6 7. Nc3 Nf6 8.
Bg5 e6 9. O-O-O Be7 10. Rhe1 O-O 11. Kb1 Qc7 12. Bxf6 Bxf6 13. Qxd6 Qa5 14. Qd2
b6 15. Nd4 Bb7 16. Qe3 Rac8 17. f3 Rc4 18. e5 Be7 19. Nb3 Qa6 20. a3 Rfc8 21.
Rd7 Bf8 22. Rd4 h6 23. Nd2 R4c7 24. Ra4 Rxc3 25. Qf4 Qb5 26. Rxa7 Rxc2 27. b3
Qd3 28. Qe3 Rc1+ 0-1

[Event "Markham op U2200"]
[Site "Markham CAN"]
[Date "2018.10.06"]
[Round "3"]
[White "Li, Eric M"]
[Black "Lin, Benjamin"]
[Result "1/2-1/2"]
[WhiteElo "2000"]
[BlackElo "2035"]
[PlyCount "66"]
[EventDate "2018.10.05"]
[EventType "swiss"]
[EventRounds "5"]
[EventCountry "CAN"]

1. d4 d5 2. Bf4 Nf6 3. e3 g6 4. Nf3 Bg7 5. c4 c6 6. Nc3 O-O 7. Rc1 Bg4 8. h3
Bxf3 9. Qxf3 Qa5 10. Bd3 dxc4 11. Bxc4 Qb4 12. Qe2 b5 13. Bd3 Nd5 14. Bg3 Qa5
15. O-O Nxc3 16. bxc3 Nd7 17. c4 b4 18. Be4 Rac8 19. Rfd1 Nb6 20. f3 f5 21. Bd3
c5 22. dxc5 Na4 23. Be1 Qxc5 24. Rb1 Nc3 25. Bxc3 bxc3 26. Rb5 Qc7 27. Bc2 Rfd8
28. Bb3 h6 29. Rbd5 e6 30. Rxd8+ Rxd8 31. Rxd8+ Qxd8 32. c5 Kh7 33. Qc4 Qd5
1/2-1/2

[Event "Markham op U2200"]
[Site "Markham CAN"]
[Date "2018.10.06"]
[Round "3"]
[White "Liao, Joseph"]
[Black "Ajith, Aayush"]
[Result "0-1"]
[WhiteElo "1737"]
[BlackElo "1922"]
[PlyCount "63"]
[EventDate "2018.10.05"]
[EventType "swiss"]
[EventRounds "5"]
[EventCountry "CAN"]

1. e4 c5 2. d4 cxd4 3. c3 Nf6 4. e5 Nd5 5. Nf3 e6 6. cxd4 d6 7. Bc4 Nc6 8. O-O
Be7 9. exd6 Qxd6 10. Nc3 a6 11. Re1 O-O 12. Bd3 Bf6 13. Ne4 Qd8 14. Nxf6+ Nxf6
15. Bg5 h6 16. Bh4 b5 17. a3 Bb7 18. Bc2 g6 19. Qd2 Kg7 20. Qd3 Qd5 21. Rad1 g5
22. Bg3 Ne7 23. Re5 Qc4 24. Qxc4 bxc4 25. Rc5 Rfc8 26. Bd6 Bxf3 27. gxf3 Ned5
28. Be4 Rxc5 29. Bxc5 Rb8 30. Rc1 Rxb2 31. Rxc4 Nf4 32. Kf1 0-1

[Event "Markham op U2200"]
[Site "Markham CAN"]
[Date "2018.10.06"]
[Round "3"]
[White "Liu, Henry"]
[Black "Ning, Eric"]
[Result "1-0"]
[WhiteElo "1829"]
[BlackElo "1933"]
[PlyCount "43"]
[EventDate "2018.10.05"]
[EventType "swiss"]
[EventRounds "5"]
[EventCountry "CAN"]

1. c4 Nf6 2. g3 g6 3. Bg2 Bg7 4. Nf3 d5 5. O-O O-O 6. cxd5 Nxd5 7. Nc3 Nxc3 8.
dxc3 Nc6 9. Be3 e5 10. Qb3 Qe7 11. Rfd1 Rb8 12. Ng5 Nd8 13. Bxa7 Ra8 14. Be3
Ne6 15. Nxe6 Bxe6 16. Qxb7 Rxa2 17. Rxa2 Bxa2 18. b3 Qa3 19. Bd5 c6 20. Bc4 Qb2
21. Bc5 Qc2 22. Rd7 1-0

[Event "Markham op U2200"]
[Site "Markham CAN"]
[Date "2018.10.06"]
[Round "3"]
[White "Zeromskis, Egidijus"]
[Black "Zhao, Harry"]
[Result "1/2-1/2"]
[WhiteElo "2153"]
[BlackElo "2196"]
[PlyCount "124"]
[EventDate "2018.10.05"]
[EventType "swiss"]
[EventRounds "5"]
[EventCountry "CAN"]

1. e4 d5 2. exd5 Qxd5 3. Nc3 Qa5 4. Nf3 Nf6 5. d4 Nc6 6. Bb5 Nd5 7. Bd2 Nxc3 8.
Bxc6+ bxc6 9. Bxc3 Qd5 10. O-O Bg4 11. Re1 Bxf3 12. Qxf3 Qxf3 13. gxf3 e6 14.
f4 O-O-O 15. Kg2 Rd5 16. Re5 Bd6 17. Rxd5 cxd5 18. Kf3 Kd7 19. a3 Rb8 20. b4
Kc6 21. Bd2 a5 22. Ke2 Rb7 23. bxa5 Kd7 24. Kd3 Kc8 25. h3 Kb8 26. f5 exf5 27.
Re1 c6 28. Re8+ Ka7 29. Rd8 Bxa3 30. Rc8 Rb5 31. Rc7+ Ka6 32. Rxf7 Rb7 33. Rxf5
Bd6 34. Rf3 Re7 35. c4 Bc7 36. Rf8 Rd7 37. Ra8+ Kb7 38. Re8 c5 39. cxd5 Rxd5
40. Re4 cxd4 41. Rxd4 Rh5 42. Rd7 Rxh3+ 43. Ke2 Kc6 44. Rxg7 h5 45. a6 Ra3 46.
Rh7 Rxa6 47. Rh6+ Kb7 48. Rxh5 Rf6 49. Ba5 Bf4 50. Bc3 Rf7 51. Rc5 Bd6 52. Rc4
Rc7 53. Rd4 Bc5 54. Rd3 Re7+ 55. Kf1 Rf7 56. f3 Kc6 57. Be5 Rd7 58. Rb3 Kd5 59.
Bg3 Ke6 60. Bf2 Bd6 61. Re3+ Kf5 62. Rd3 Ke6 1/2-1/2

[Event "Markham op U2200"]
[Site "Markham CAN"]
[Date "2018.10.06"]
[Round "3"]
[White "Zhao, Jeffrey R"]
[Black "Nemati, Omid"]
[Result "1-0"]
[WhiteElo "1906"]
[BlackElo "1882"]
[PlyCount "52"]
[EventDate "2018.10.05"]
[EventType "swiss"]
[EventRounds "5"]
[EventCountry "CAN"]

1. e4 e5 2. Nf3 Nc6 3. Bc4 Bc5 4. O-O d6 5. c3 Bg4 6. Qb3 Bxf3 7. Bxf7+ Kf8 8.
gxf3 Qg5+ 9. Kh1 Qf6 10. Bh5 Rb8 11. Qd1 g6 12. Bg4 h5 13. Bh3 Ke7 14. d3 Qh4
15. Kg2 g5 16. Qd2 Nf6 17. Bf5 Rhg8 18. Qe2 g4 19. f4 exf4 20. Bxf4 Kf7 21. d4
Bb6 22. Nd2 Ne7 23. Qc4+ Ke8 24. Be6 g3 25. fxg3 Rg7 26. Kh1 Rxg3 1-0

[Event "Markham op U2200"]
[Site "Markham CAN"]
[Date "2018.10.06"]
[Round "3"]
[White "Zhao, Jeffrey Renfei"]
[Black "Rusonik, Max"]
[Result "1/2-1/2"]
[WhiteElo "2043"]
[BlackElo "2041"]
[PlyCount "70"]
[EventDate "2018.10.05"]
[EventType "swiss"]
[EventRounds "5"]
[EventCountry "CAN"]

1. e4 e5 2. Nf3 Nc6 3. Bc4 Nf6 4. d3 Be7 5. Nc3 O-O 6. O-O d6 7. h3 Na5 8. Bb3
Nxb3 9. axb3 c5 10. Be3 a6 11. Nd2 d5 12. exd5 Nxd5 13. Nxd5 Qxd5 14. Nc4 Bd8
15. Qh5 f6 16. f4 b5 17. Nd2 Bb7 18. Rf2 Bc7 19. Qf3 Qxf3 20. Nxf3 Bd6 21. fxe5
fxe5 22. Raf1 e4 23. dxe4 Bxe4 24. Ng5 Rxf2 25. Rxf2 Bg6 26. Rd2 Be7 27. c4 Rc8
28. cxb5 axb5 29. Rd7 Bxg5 30. Bxg5 Bf7 31. Rb7 b4 32. Be3 Bxb3 33. Rb5 Bc4 34.
Rxc5 Rxc5 35. Bxc5 b3 1/2-1/2

[Event "Mercredi 2018.01.10 ABCD"]
[Site "Montreal CAN"]
[Date "2018.01.10"]
[Round "1"]
[White "Baran, Marius"]
[Black "Brassard, Sylvain"]
[Result "1/2-1/2"]
[WhiteElo "1890"]
[BlackElo "1826"]
[PlyCount "81"]
[EventDate "2018.01.10"]
[EventType "tourn"]
[EventRounds "5"]
[EventCountry "CAN"]

1. e4 Nf6 2. e5 Nd5 3. d4 d6 4. Bc4 Nb6 5. Bb3 Nc6 6. exd6 exd6 7. c3 Be7 8.
Bf4 Bf5 9. Nf3 O-O 10. O-O Na5 11. Bc2 Bg6 12. Nbd2 Nac4 13. Nxc4 Nxc4 14. b3
Nb6 15. Re1 Nd5 16. Bd2 c6 17. Rc1 Nc7 18. Bxg6 hxg6 19. Qc2 Bf6 20. Re2 Qd7
21. Bg5 Bxg5 22. Nxg5 d5 23. Rce1 Rae8 24. Qd2 Rxe2 25. Rxe2 Re8 26. Rxe8+ Qxe8
27. Kf1 f6 28. Nf3 Qe4 29. Qe2 Qb1+ 30. Ne1 Kf7 31. Qc2 Qa1 32. Ke2 Nb5 33. Kd2
Na3 34. Qd1 Qxa2+ 35. Ke3 Nb5 36. Qg4 f5 37. Qf4 Qxb3 38. g4 Nxc3 39. Qc7+ Kg8
40. Qd8+ Kf7 41. Qd7+ 1/2-1/2

[Event "Mercredi 2018.01.10 ABCD"]
[Site "Montreal CAN"]
[Date "2018.01.10"]
[Round "1"]
[White "Boudreau, Daniel"]
[Black "Have, Didier"]
[Result "1-0"]
[WhiteElo "2092"]
[BlackElo "2069"]
[PlyCount "79"]
[EventDate "2018.01.10"]
[EventType "tourn"]
[EventRounds "5"]
[EventCountry "CAN"]

1. e4 d6 2. d4 Nf6 3. Nc3 Nbd7 4. g4 h6 5. h3 e5 6. Be3 c6 7. a4 Be7 8. Nge2
Qc7 9. Bg2 Nf8 10. Qd2 a5 11. f4 Ng6 12. Rg1 Nd7 13. O-O-O b5 14. axb5 Rb8 15.
f5 Ngf8 16. Ng3 Nb6 17. Bf1 Bd7 18. Nh5 Rh7 19. Be2 f6 20. h4 cxb5 21. dxe5
fxe5 22. Bxb6 Qxb6 23. Nd5 Qc5 24. f6 Ne6 25. fxe7 Nd4 26. Kb1 Be6 27. Bd3 Nf3
28. Qg2 Nxg1 29. Rxg1 Bxd5 30. exd5 Rh8 31. Nxg7+ Kxe7 32. Rf1 a4 33. Ne6 Qe3
34. Bg6 Rhf8 35. Nxf8 Rxf8 36. Rxf8 Kxf8 37. Qf1+ Ke7 38. Qxb5 Qg1+ 39. Ka2
Qxg4 40. Qe8+ 1-0

[Event "Mercredi 2018.01.10 ABCD"]
[Site "Montreal CAN"]
[Date "2018.01.10"]
[Round "1"]
[White "Destree, Frederic"]
[Black "Beaulieu, Pierre"]
[Result "1-0"]
[WhiteElo "1904"]
[BlackElo "1820"]
[PlyCount "91"]
[EventDate "2018.01.10"]
[EventType "tourn"]
[EventRounds "5"]
[EventCountry "CAN"]

1. Nf3 b6 2. g3 Bb7 3. Bg2 Nf6 4. O-O e6 5. d3 Be7 6. Nbd2 O-O 7. e4 d6 8. b3
Nbd7 9. Bb2 c5 10. Qe2 d5 11. e5 Ne8 12. Rad1 Rc8 13. h4 Nc7 14. Rfe1 Re8 15.
Nh2 Ba8 16. Qh5 f6 17. Ndf3 d4 18. c4 dxc3 19. Bxc3 g6 20. Qh6 Bf8 21. Qd2 f5
22. d4 Nd5 23. Bb2 c4 24. bxc4 Rxc4 25. Qe2 b5 26. Rc1 N7b6 27. Nd2 Rxc1 28.
Rxc1 Bb4 29. Nhf1 Na4 30. a3 Bf8 31. Qxb5 Nxb2 32. Qxb2 Qa5 33. Nc4 Qa4 34.
Nfd2 Bc6 35. Nd6 Bxd6 36. exd6 Rd8 37. Nc4 Qb5 38. Qc2 Bd7 39. Ne5 Qb6 40. Bxd5
exd5 41. Qc7 Rc8 42. Qxc8+ Bxc8 43. Rxc8+ Kg7 44. d7 Qb1+ 45. Kg2 Qe4+ 46. Nf3
1-0

[Event "Mercredi 2018.01.10 ABCD"]
[Site "Montreal CAN"]
[Date "2018.01.10"]
[Round "1"]
[White "Lebeau, Gilbert"]
[Black "Dumouchel, Alain"]
[Result "1-0"]
[WhiteElo "1954"]
[BlackElo "1918"]
[PlyCount "85"]
[EventDate "2018.01.10"]
[EventType "tourn"]
[EventRounds "5"]
[EventCountry "CAN"]

1. d4 Nf6 2. c4 g6 3. Nf3 Bg7 4. Nc3 O-O 5. e4 d6 6. Be2 Na6 7. O-O e5 8. d5
Nc5 9. Qc2 a5 10. Bg5 h6 11. Bh4 Qe8 12. Nd2 g5 13. Bg3 Nfxe4 14. Ndxe4 Nxe4
15. Nxe4 f5 16. f3 fxe4 17. fxe4 Rxf1+ 18. Rxf1 b6 19. Qd1 Qe7 20. Bh5 Bf6 21.
Be1 Bd7 22. Bd2 Rf8 23. b3 Bg7 24. a3 Rf6 25. Be3 Bf8 26. Bf3 Qf7 27. h3 Be7
28. Rf2 Kf8 29. b4 axb4 30. axb4 Qe8 31. h4 Qg6 32. hxg5 hxg5 33. g4 Kg7 34.
Qc1 Rf8 35. c5 bxc5 36. bxc5 Rxf3 37. Rxf3 Qxe4 38. Rf2 Bxg4 39. Bxg5 Bf3 40.
Bxe7 Qg4+ 41. Kf1 Qh3+ 42. Ke1 Qh1+ 43. Rf1 1-0

[Event "Mercredi 2018.01.10 ABCD"]
[Site "Montreal CAN"]
[Date "2018.01.10"]
[Round "1"]
[White "Leveille, Francois"]
[Black "Langlois-Remillard, Alexis"]
[Result "1-0"]
[WhiteElo "2310"]
[BlackElo "2109"]
[PlyCount "75"]
[EventDate "2018.01.10"]
[EventType "tourn"]
[EventRounds "5"]
[EventCountry "CAN"]

1. e4 e6 2. d4 d5 3. Nd2 Nf6 4. Bd3 c5 5. c3 Nc6 6. Ngf3 cxd4 7. cxd4 Bb4 8. e5
Nd7 9. O-O f6 10. a3 Be7 11. Re1 Qc7 12. Qc2 f5 13. b4 Qb6 14. Nb3 O-O 15. Bd2
a6 16. Rab1 Re8 17. h3 Nf8 18. Nc5 Ng6 19. g3 Rf8 20. Kg2 Qc7 21. Rbc1 Bd7 22.
Qb1 Qc8 23. h4 b6 24. Nxa6 Qd8 25. b5 Na7 26. a4 Nh8 27. Rc7 Qe8 28. Bb4 Bxb4
29. Qxb4 Nf7 30. Rec1 Nc8 31. Rb7 Nd8 32. Rb8 Ra7 33. Rbxc8 Bxc8 34. Rxc8 h6
35. Qd6 Rd7 36. Qxb6 Qh5 37. Nc5 f4 38. Nxd7 1-0

[Event "Mercredi 2018.01.10 ABCD"]
[Site "Montreal CAN"]
[Date "2018.02.05"]
[Round "1"]
[White "Lopez Linares, Lizandro"]
[Black "Soudre, Nicolas"]
[Result "0-1"]
[WhiteElo "2198"]
[BlackElo "2253"]
[PlyCount "100"]
[EventDate "2018.01.10"]
[EventType "tourn"]
[EventRounds "5"]
[EventCountry "CAN"]

1. Nf3 e6 2. d4 c5 3. c3 Nf6 4. Bf4 b6 5. e3 Bb7 6. Nbd2 Be7 7. Bd3 O-O 8. h3
Nc6 9. O-O d5 10. Bh2 a5 11. Qe2 Qc8 12. Rac1 Ba6 13. c4 Nb4 14. Bb1 dxc4 15.
Nxc4 cxd4 16. Nxd4 Qb7 17. a3 Nc6 18. Bd3 Rfd8 19. Nxc6 Qxc6 20. Nxa5 Qxc1 21.
Rxc1 Bxd3 22. Qe1 bxa5 23. Be5 Rd5 24. Bd4 e5 25. Bb6 Bd8 26. Bxd8 Raxd8 27.
Kh2 h6 28. Rc7 Bg6 29. Ra7 Rb8 30. Rxa5 Rxa5 31. Qxa5 Rxb2 32. f3 e4 33. f4 Bh5
34. Kg3 Be2 35. Qc3 Rb8 36. Qc7 Ra8 37. Qc5 Bd3 38. Kf2 h5 39. g3 Ra6 40. Ke1
Ra4 41. Qc8+ Kh7 42. Qf5+ Kg8 43. Qc8+ Kh7 44. Qf8 Bc4 45. Qc8 Be6 46. Qc3 Bxh3
47. Qb3 Ra7 48. a4 Bd7 49. Qxf7 Rxa4 50. Kd2 Ra5 0-1

[Event "Mercredi 2018.01.10 ABCD"]
[Site "Montreal CAN"]
[Date "2018.01.10"]
[Round "1"]
[White "Nesterov, Timour"]
[Black "O'Connor, Michael"]
[Result "1/2-1/2"]
[WhiteElo "1884"]
[BlackElo "1845"]
[PlyCount "52"]
[EventDate "2018.01.10"]
[EventType "tourn"]
[EventRounds "5"]
[EventCountry "CAN"]

1. d4 Nf6 2. Bf4 d5 3. Nf3 c5 4. e3 Nc6 5. c3 cxd4 6. exd4 a6 7. a4 Bf5 8. Be2
e6 9. Nbd2 h6 10. Ne5 Qb6 11. Qc1 Rc8 12. Nxc6 Qxc6 13. Nf3 Nd7 14. Ne5 Nxe5
15. Bxe5 Bg6 16. O-O f6 17. Bg3 Bd6 18. Qe3 Bxg3 19. Qxg3 Kf7 20. Bd3 Bxd3 21.
Qxd3 Rhe8 22. Rfe1 Re7 23. f4 Rce8 24. Re2 Qd6 25. Qf3 Kg8 26. Rae1 b5 1/2-1/2

[Event "Mercredi 2018.01.10 ABCD"]
[Site "Montreal CAN"]
[Date "2018.01.10"]
[Round "1"]
[White "Nunez, Omar"]
[Black "Chang, Alexander RZ"]
[Result "1/2-1/2"]
[WhiteElo "1974"]
[BlackElo "1910"]
[PlyCount "50"]
[EventDate "2018.01.10"]
[EventType "tourn"]
[EventRounds "5"]
[EventCountry "CAN"]

1. f4 d5 2. Nf3 Nf6 3. g3 Bf5 4. Bg2 e6 5. d3 Bd6 6. O-O O-O 7. c3 c5 8. Ne5
Nc6 9. Nxc6 bxc6 10. Qa4 Qb6 11. Nd2 c4+ 12. d4 Rac8 13. Nf3 c5 14. e3 Ne4 15.
Ne5 Bxe5 16. fxe5 h6 17. Bxe4 Bxe4 18. Qa3 g6 19. Rf6 Kg7 20. Bd2 Rb8 21. Raf1
Qxb2 22. Qxc5 Qxd2 23. Rxf7+ Rxf7 24. Rxf7+ Kxf7 25. Qc7+ Kg8 1/2-1/2

[Event "Mercredi 2018.01.10 ABCD"]
[Site "Montreal CAN"]
[Date "2018.01.10"]
[Round "1"]
[White "Tremblay, Alain"]
[Black "Pomerantz, Daniel"]
[Result "1/2-1/2"]
[WhiteElo "2092"]
[BlackElo "2051"]
[PlyCount "37"]
[EventDate "2018.01.10"]
[EventType "tourn"]
[EventRounds "5"]
[EventCountry "CAN"]

1. d4 Nf6 2. c4 e6 3. Nf3 Bb4+ 4. Bd2 c5 5. Bxb4 cxb4 6. e3 O-O 7. Bd3 d6 8.
O-O Re8 9. a3 bxa3 10. Rxa3 Nc6 11. Nc3 e5 12. d5 Nb4 13. e4 b6 14. Ne1 a5 15.
Nb5 Ba6 16. Nc2 Nxc2 17. Qxc2 Bxb5 18. cxb5 Nd7 19. Qd2 1/2-1/2

[Event "Mercredi 2018.01.10 ABCD"]
[Site "Montreal CAN"]
[Date "2018.01.10"]
[Round "1"]
[White "Zheng, Richard"]
[Black "Nikulich, Oleksandr"]
[Result "1/2-1/2"]
[WhiteElo "2094"]
[BlackElo "2037"]
[PlyCount "108"]
[EventDate "2018.01.10"]
[EventType "tourn"]
[EventRounds "5"]
[EventCountry "CAN"]

1. e4 e5 2. Nf3 Nc6 3. Bc4 Bc5 4. c3 Nf6 5. d3 O-O 6. O-O h6 7. b4 Bb6 8. a4 a6
9. Qb3 d6 10. h3 Ne7 11. a5 Ba7 12. Be3 Bxe3 13. fxe3 c6 14. Qc2 d5 15. exd5
cxd5 16. Bb3 Nf5 17. Re1 e4 18. dxe4 Nxe4 19. Nbd2 Ng5 20. Nxg5 hxg5 21. Nf3
Re8 22. Qd2 Be6 23. Rad1 Qf6 24. Nd4 Nxd4 25. Qxd4 Rac8 26. Qxf6 gxf6 27. Bxd5
Bxd5 28. Rxd5 Rxc3 29. Rd7 Rb8 30. Rf1 Kg7 31. Rd6 Rxe3 32. Rdxf6 Rf8 33. R1f5
Re7 34. Kh2 Rd7 35. Rb6 f6 36. b5 axb5 37. Rfxb5 Rff7 38. Kg3 Kg6 39. Rb4 Rfe7
40. Kg4 Re5 41. h4 gxh4 42. Kxh4 Rh5+ 43. Kg3 Rxa5 44. Rxb7 Rxb7 45. Rxb7 Ra4
46. Rb5 Rc4 47. Kh3 f5 48. g3 Rc3 49. Kg2 Kg5 50. Rb8 Rc2+ 51. Kh3 Rc4 52. Rf8
Ra4 53. Rg8+ Kf6 54. Kg2 Ra3 1/2-1/2

[Event "Mercredi 2018.01.10 ABCD"]
[Site "Montreal CAN"]
[Date "2018.01.17"]
[Round "2"]
[White "Beaulieu, Pierre"]
[Black "O'Connor, Michael"]
[Result "1-0"]
[WhiteElo "1820"]
[BlackElo "1845"]
[PlyCount "67"]
[EventDate "2018.01.10"]
[EventType "tourn"]
[EventRounds "5"]
[EventCountry "CAN"]

1. Nf3 d5 2. b3 Nf6 3. Bb2 c5 4. e3 Nc6 5. Bb5 Bg4 6. h3 Bh5 7. g4 Bg6 8. Ne5
Qc7 9. Bxc6+ bxc6 10. d3 e6 11. Nd2 Nd7 12. Ndf3 f6 13. Nxg6 hxg6 14. c4 Bd6
15. Qe2 Ne5 16. Nxe5 fxe5 17. d4 e4 18. O-O-O cxd4 19. Bxd4 O-O 20. f4 a5 21.
c5 Be7 22. h4 Bf6 23. h5 Bxd4 24. Rxd4 e5 25. hxg6 Rf6 26. Rh8+ Kxh8 27. Qh2+
Kg8 28. Qh7+ Kf8 29. Qh8+ Ke7 30. Qxg7+ Kd8 31. Qxf6+ Kc8 32. fxe5 a4 33. Qf8+
Kb7 34. Rb4+ 1-0

[Event "Mercredi 2018.01.10 ABCD"]
[Site "Montreal CAN"]
[Date "2018.01.17"]
[Round "2"]
[White "Brassard, Sylvain"]
[Black "Nesterov, Timour"]
[Result "1/2-1/2"]
[WhiteElo "1826"]
[BlackElo "1884"]
[PlyCount "71"]
[EventDate "2018.01.10"]
[EventType "tourn"]
[EventRounds "5"]
[EventCountry "CAN"]

1. d4 e6 2. Nf3 f5 3. g3 b6 4. Bg2 Bb7 5. O-O Nf6 6. c4 Be7 7. Nc3 Ne4 8. Qc2
Nxc3 9. Qxc3 O-O 10. Rd1 Bf6 11. Qb3 Be4 12. Ne5 Bxg2 13. Kxg2 d6 14. Qf3 Nd7
15. Nxd7 Qxd7 16. d5 e5 17. e4 Be7 18. Qe2 Rf7 19. Bd2 Raf8 20. Rf1 f4 21. f3
h5 22. gxf4 exf4 23. Bc3 Bf6 24. Bxf6 Rxf6 25. Kh1 Rg6 26. Rg1 Rff6 27. e5 dxe5
28. Qxe5 Qh3 29. Qe8+ Kh7 30. Qe4 Qf5 31. Rae1 Rxg1+ 32. Kxg1 Rg6+ 33. Kh1 Qg5
34. Qe2 a5 35. Qf2 Qf5 36. Qe2 1/2-1/2